000
00236nam a2200097Ia 4500
008
190216s9999||||xx |||||||||||||| ||und||
100
_a
Narayanan R K
245
0
_a
Malayalam-Swamiyum Changqadimarum
260
_b
Nbs Kottayam
942
_c
BK
999
_c
30327
_d
30327